000
00319nam a22001337a 4500
008
181022b xxu||||| |||| 00| 0 eng d
020
_a
9780072838787
041
_a
eng
080
_a
721
100
_a
41
101
_a
ARK
245
_a
Fundamentals Digital Logic With Verilog Design
_c
Brown.S
942
_2
udc
_c
BK
999
_c
50357
_d
50357